000 00674nam a2200289Ia 4500
005 20260324150638.0
008 008 260324s9999 xx 000 0 eng d
020 _a9781315888712
037 _aEBOOK
040 _aCRL
040 _beng
040 _cCRL
041 _2eng
041 _aeng
084 _qCRL
100 _aZevedei Barbu
_91227125
245 0 _aDemocracy and Dictatorship
245 0 _bTheir Psychology and Patterns
260 _bTaylor and Francis
260 _c1956
365 _a
365 _b350
856 _uhttp://www.taylorfrancis.com/books/9781315888712
942 _cEBOOK
999 _c1836950
_d1836950